[Event "Chigorin mem"]
[Site "St Petersburg"]
[Date "1999.11.05"]
[Round "4"]
[White "Anisimov, Pavel"]
[Black "Kochyev, Alexander"]
[Result "1-0"]
[WhiteElo "2318"]
[BlackElo "2441"]

1.e4 c5 2.Nf3 e6 3.d4 cxd4 4.Nxd4 Nc6 5.Nb5 d6 6.c4 Nf6 7.N1c3 a6 8.Na3 Be7
9.Be3 O-O 10.Be2 Bd7 11.O-O Na7 12.f3 Qb8 13.Qd3 Rd8 14.Rfd1 Bc6 15.Bb6 Rc8
16.Qe3 Nd7 17.Bd4 b6 18.Qf2 Qc7 19.Rac1 Bb7 20.Be3 Rd8 21.b4 Nc8 22.Na4 Bc6
23.Nc3 Bb7 24.Nab1 Qb8 25.Nd2 Ra7 26.Nb3 Bc6 27.c5 dxc5 28.bxc5 b5 29.Na5 Qc7
30.Nxc6 Qxc6 31.Nd5 Bf8 32.Nb4 Qc7 33.Qg3 e5 34.Qf2 Ra8 35.a4 Nf6 36.Rxd8 Qxd8
37.axb5 axb5 38.Bxb5 Ra3 39.Bc4 Ne7 40.c6 Qa5 41.Bd2 Ra1 42.Qf1 Ra4 43.Qe1 Qb6+
44.Kh1 Ne8 45.Nd5 Nxd5 46.Bxd5 Nc7 47.Qe3 Rd4 48.Qg5 Qa6 49.Bc3  1-0

[Event "V Open"]
[Site "Lisbon POR"]
[Date "1999.11.18"]
[Round "6"]
[White "Fernando,D"]
[Black "Djuric,S"]
[Result "0-1"]
[WhiteElo "2221"]
[BlackElo "2504"]

1.e4 c5 2.Nf3 e6 3.d4 cxd4 4.Nxd4 Nc6 5.Nb5 d6 6.Bf4 e5 7.Be3 a6 8.N5c3 Nf6
9.Bg5 Be7 10.Nd2 Bg4 11.Be2 Bxe2 12.Nxe2 d5 13.Bxf6 Bxf6 14.Nc3 d4 15.Nd5 O-O
16.O-O g6 17.Nc4 b5 18.Ncb6 Ra7 19.a4 b4 20.a5 Bg7 21.Qd3 Qd6 22.Qc4 Rb8
23.Rfd1 Qe6 24.Rd3 Kh8 25.c3 bxc3 26.bxc3 f5 27.exf5 gxf5 28.cxd4 exd4 29.Rh3 Re8
30.Nf4 Qxc4 31.Nxc4 d3 32.Rd1 Re4 33.Rh4 Nd4 34.Ng6+ Kg8 35.f3 Re8 36.Nf4 Rc7
37.Nd2 Rc2 38.Nh5 Ne2+ 39.Kf1 Nc3 40.Nxg7 Kxg7 41.Re1 Re2 42.Nb3 Rb2  0-1

[Event "Extraliga CZE"]
[Site "Ostrava CZE"]
[Date "1999.11.20"]
[Round "3"]
[White "Antoshik,A"]
[Black "Novak,Pa"]
[Result "0-1"]
[WhiteElo "2230"]
[BlackElo "2274"]

1.e4 c5 2.Nf3 Nc6 3.d4 cxd4 4.Nxd4 e6 5.Nb5 d6 6.Bf4 e5 7.Be3 Nf6 8.Bc4 Be7
9.N1c3 a6 10.Na3 b5 11.Bd5 Bd7 12.Ne2 O-O 13.c3 Rc8 14.O-O Na5 15.Ng3 Nxd5
16.exd5 f5 17.Bd2 Nc4 18.Nxc4 Rxc4 19.f4 Qa8 20.Qc2 Qxd5 21.fxe5 dxe5 22.Rad1 Qe6
23.Bc1 Rg4 24.Qd3 Bc6 25.Rxf5 Rxf5 26.Qxf5 Bc5+  0-1

[Event "FSIMB December"]
[Site "Budapest HUN"]
[Date "1999.12.08"]
[Round "5"]
[White "Farago,S"]
[Black "Spielmann,Al"]
[Result "1/2-1/2"]
[WhiteElo "2295"]
[BlackElo "2241"]

1.e4 c5 2.Nf3 e6 3.d4 cxd4 4.Nxd4 Nc6 5.Nb5 d6 6.c4 Nf6 7.N1c3 a6 8.Na3 Be7
9.Be2 b6 10.Be3 Bb7 11.O-O Nb8 12.f3 Nbd7 13.Rc1 O-O 14.Qe1 Qc7 15.Qg3 Kh8
16.Kh1 Rac8 17.Nab1 Qb8 18.Nd2 Bd8 19.f4 Nc5 20.Bd4 Rg8 21.e5 Nfe4  1/2-1/2

[Event "Young Masters"]
[Site "Groningen NED"]
[Date "1999.12.19"]
[Round "1"]
[White "Marcoli,P"]
[Black "Hendriks,W"]
[Result "0-1"]
[WhiteElo "2192"]
[BlackElo "2378"]

1.e4 c5 2.Nf3 Nc6 3.d4 cxd4 4.Nxd4 e6 5.Nb5 d6 6.c4 Nf6 7.N1c3 a6 8.Na3 d5
9.exd5 exd5 10.cxd5 Nb4 11.Bc4 Bg4 12.Qd4 b5 13.Bb3 Bc5 14.Qe5+ Kf8 15.O-O Nd3
16.Qg3 Nxc1 17.Raxc1 Bd6 18.Qh4 b4 19.Ne4 Nxe4 20.Qxg4 Nf6 21.Qh3 bxa3 22.bxa3 h6
23.Rc6 g6 24.Rfc1 Kg7 25.a4 Re8 26.Qc3 a5 27.g3 h5 28.Qd4 Re2 29.Kf1 Re4
30.Qd3 Qd7 31.Kg2 Rae8 32.h4 Rxh4 33.Rxd6 Qh3+  0-1

[Event "ch-COL"]
[Site "Fusagasuga COL"]
[Date "1999.12.22"]
[Round "11"]
[White "Gamboa,N"]
[Black "Zapata,A"]
[Result "1/2-1/2"]
[WhiteElo "2340"]
[BlackElo "2454"]

1.e4 c5 2.Nf3 e6 3.d4 cxd4 4.Nxd4 Nc6 5.Nb5 d6 6.Bf4 e5 7.Be3 Nf6 8.Bg5 Be6
9.Bxf6 gxf6 10.N1c3 a6 11.Na3 Ne7 12.Nc4 d5 13.exd5 Nxd5 14.Nxd5 Bxd5 15.Ne3 Be6
16.Bd3 Qa5+ 17.c3 Rd8 18.Qe2 Bh6 19.O-O Qc5 20.Nf5 Bxf5 21.Bxf5 Rd2 22.Qh5 Bg5
23.h4 Bf4 24.Rad1 Ke7 25.Rxd2 Bxd2 26.Rd1 Rd8 27.Qe2 Bf4 28.Rxd8 Kxd8 29.Qd3+ Ke7
30.g3 Bc1 31.Qd7+ Kf8 32.Bxh7 Kg7 33.Be4 Bxb2 34.Bd5 Qf8 35.Qxb7 Bxc3 36.Qxa6 Qe7
37.Qe2 Bd4 38.Qg4+ Kf8 39.Kg2 Qd6 40.Qc8+ Kg7 41.Qb7 Qf8 42.Qd7 Bb6 43.a4 Kg6
44.Qg4+ Kh6 45.Qf5 Kg7 46.h5 Qd8 47.Be4 Qd2 48.a5 Ba7 49.h6+ Qxh6 50.Qd7 Bc5
51.Bd5 Qh5 52.a6 e4 53.Bxe4 Qe2 54.Qf5 Bb6 55.Bd3 Qd2 56.Bc4 Qd4 57.Be2 Kf8
58.Qf3 Bc5 59.Bd3 Bb6 60.Qe2 Ba7 61.Qc2 Qd5+ 62.f3 Qd4 63.Qc8+ Ke7 64.Qb7+ Kf8
65.Qa8+ Kg7 66.Qe4 Qc5 67.Bc4 f5 68.Qe2 Qg1+ 69.Kh3 Qh1+ 70.Qh2 Qxf3 71.Qb2+ Kg6
72.Qb7 Qxb7 73.axb7  1/2-1/2

[Event "Oberliga Bayern9899"]
[Site "Bayern"]
[Date "1999.??.??"]
[Round "?"]
[White "Stocker, Andreas"]
[Black "Diekers, Michael"]
[Result "1-0"]
[WhiteElo "2090"]
[BlackElo "2145"]

1.e4 c5 2.Nf3 e6 3.d4 cxd4 4.Nxd4 Nc6 5.Nb5 d6 6.c4 Nf6 7.N1c3 a6 8.Na3 Be7
9.Be2 O-O 10.Be3 Ne5 11.O-O b6 12.f4 Ned7 13.Bf3 Bb7 14.Qe2 Qc7 15.g4 h6
16.Qg2 Nh7 17.Kh1 Rac8 18.Rac1 Nc5 19.Rfd1 Nd7 20.Rg1 Rfe8 21.Qf2 Nc5 22.Rgd1 Qb8
23.Qg2 Qa8 24.Nab1 Nf6 25.Nd2 d5 26.cxd5 Nd3 27.dxe6 Nxc1 28.exf7+ Kxf7 29.Rxc1 Red8
30.g5 hxg5 31.fxg5 Nd7 32.Bh5+ Kg8 33.Qh3 Nf8 34.Rf1 g6 35.Bxg6 Rc6 36.Rxf8+  1-0

[Event "Regionalliga NO9899"]
[Site "Bayern"]
[Date "1999.??.??"]
[Round "?"]
[White "Kordts, Wolfgang"]
[Black "Stierhof, Michael"]
[Result "1-0"]
[WhiteElo "2165"]
[BlackElo "2115"]

1.e4 c5 2.Nf3 Nc6 3.d4 cxd4 4.Nxd4 e6 5.Nb5 d6 6.c4 Nf6 7.N1c3 a6 8.Na3 Be7
9.Be2 O-O 10.O-O Ne5 11.Be3 b6 12.f4 Ned7 13.Bf3 Rb8 14.g4 h6 15.h4 b5 16.cxb5 d5
17.g5 hxg5 18.hxg5 Nxe4 19.Nxe4 dxe4 20.Bxe4 Nc5 21.Bf3 Qa5 22.Qc2 Na4 23.Nc4 Qxb5
24.b3 Nc5 25.Rf2 Bb7 26.Rh2 g6 27.Bd4 e5 28.Bxe5 f5 29.gxf6 Rxf6 30.Bxf6 Bxf6
31.Qxg6+ Bg7  1-0

[Event "CZE-ch U18-20"]
[Site "CZE"]
[Date "1999.??.??"]
[Round "3"]
[White "Brychta, Jan"]
[Black "Stastny, Jan"]
[Result "1-0"]
[WhiteElo "2000"]
[BlackElo "2170"]

1.e4 c5 2.Nf3 e6 3.d4 cxd4 4.Nxd4 Nc6 5.Nb5 d6 6.c4 Nf6 7.N5c3 Be7 8.g3 O-O
9.Bg2 a6 10.O-O Qc7 11.h3 b6 12.Be3 Bb7 13.Qe2 Rac8 14.Nd2 Nd7 15.Rac1 Qb8
16.Rfd1 Rfe8 17.Nf1 Nc5 18.f4 Bf8 19.Rd2 g6 20.Qd1 Ba8 21.a3 b5 22.b4 Nd7
23.c5 Nxc5 24.bxc5 dxc5 25.e5 Nd4 26.Ne4 Bxe4 27.Bxe4 Nf5 28.Bxf5 gxf5 29.Qh5 Rc7
30.g4 fxg4 31.Qxg4+ Kh8 32.Rg2 Bh6 33.Rxc5 Rxc5 34.Bxc5 Qc7 35.Bd6 Qc1 36.Be7  1-0

[Event "CZE-chT 9899"]
[Site "CZE"]
[Date "1999.??.??"]
[Round "5"]
[White "Pachmann, Ales"]
[Black "Chloupek, Stanislav"]
[Result "0-1"]
[WhiteElo "2285"]
[BlackElo "2355"]

1.e4 c5 2.Nf3 e6 3.d4 cxd4 4.Nxd4 Nc6 5.Nb5 d6 6.c4 Nf6 7.N1c3 a6 8.Na3 Be7
9.Be2 O-O 10.O-O b6 11.Nc2 Bb7 12.Ne3 Ne5 13.f3 Rc8 14.Qd2 Qc7 15.Rd1 Rfd8
16.Qe1 Ng6 17.Bf1 Re8 18.Kh1 Rcd8 19.Qg3 h5 20.Bd2 h4 21.Qf2 Qb8 22.Rac1 Rd7
23.Nc2 d5 24.cxd5 exd5 25.Nxd5 Nxd5 26.exd5 Rxd5 27.Bc4 Bc5 28.Qf1 h3 29.Bxd5 hxg2+
30.Qxg2 Bxd5 31.Bc3 Qb7 32.Rf1 Re4 33.Rce1 Rxe1 34.Nxe1 Bc4 35.b4 Be3 36.Nc2 Bxf1
37.Qxf1 Qc6 38.Nxe3 Qxc3 39.Nd5 Qd4 40.Nc7 Qxb4 41.Nxa6 Qf4 42.a3 Nh4 43.Nb4 Nxf3
44.Qe2 Nh4 45.Nd3 Qd4 46.Nf2 g6 47.h3 Qa1+ 48.Qd1 Qf6 49.Ne4 Qe7 50.Qd4 f5
51.Nf6+ Kf7 52.Qc4+ Kg7 53.Qxh4 Qxf6 54.Qb4 Qc6+ 55.Kg1 Kf6 56.Qd4+ Ke6 57.Qe3+ Kd7
58.Qd4+ Qd6 59.Qa4+ Ke6 60.Qc4+ Ke5 61.Qe2+ Kf6 62.Qb2+ Kg5 63.a4 Qg3+  0-1

[Event "CZE-ch U18-20"]
[Site "CZE"]
[Date "1999.??.??"]
[Round "6"]
[White "Brychta, Jan"]
[Black "Novak, Pavel"]
[Result "1/2-1/2"]
[WhiteElo "2000"]
[BlackElo "2215"]

1.e4 c5 2.Nf3 Nc6 3.d4 cxd4 4.Nxd4 e6 5.Nb5 d6 6.c4 Nf6 7.N5c3 Be7 8.Be2 O-O
9.O-O b6 10.Bf4 Bb7 11.Re1 Rc8 12.Bf1 Ne8 13.Nd2 Nc7 14.Nf3 e5 15.Be3 Ne6
16.Nd5 Bg5 17.Nxg5 Nxg5 18.Qg4 Ne6 19.Rad1 Kh8 20.Nc3 Ncd4 21.Bxd4 Nxd4 22.Nb5 Nxb5
23.cxb5 Rc2 24.Re2 Rxe2 25.Qxe2 Qa8 26.Rxd6 Bxe4 27.Qc4 Bf5 28.Qc6 Qb8 29.b3 Be6
30.Rd2 Rc8 31.Qd6 Qxd6 32.Rxd6 Kg8 33.Rc6 Kf8 34.Rxc8+ Bxc8 35.f3 Ke7 36.Kf2 Be6
37.Ke3 Kd6 38.Kd3 f5 39.Kc3 Bd5 40.a3 g5 41.b4 h5 42.Bd3 Ke6 43.Be2 Kf6 44.a4 h4
45.g4 f4 46.Bd1 Bb7 47.Kd3 e4+ 48.fxe4 Ke5 49.Bf3 Bc8 50.h3 Be6 51.Kc3 Bf7
52.Bg2 f3 53.Bxf3 Kf4 54.Bg2  1/2-1/2

[Event "Eger Agria op"]
[Site "Eger"]
[Date "1999.??.??"]
[Round "?"]
[White "Srebrnic, Vojko"]
[Black "Sebenik, Matej"]
[Result "1/2-1/2"]
[WhiteElo "2260"]
[BlackElo "2190"]

1.e4 c5 2.Nf3 e6 3.d4 cxd4 4.Nxd4 Nc6 5.Nb5 d6 6.Bf4 Nf6 7.N1c3 e5 8.Bg5 a6
9.Na3 b5 10.Nd5 Qa5+ 11.Bd2 Qd8 12.Bg5  1/2-1/2

[Event "FIN-chT9899"]
[Site "FIN"]
[Date "1999.??.??"]
[Round "8"]
[White "Hartikainen, Markku"]
[Black "Haapasalo, Jukka Pekka"]
[Result "1/2-1/2"]
[WhiteElo "2262"]
[BlackElo "2249"]

1.e4 c5 2.Nf3 e6 3.d4 cxd4 4.Nxd4 Nc6 5.Nb5 d6 6.c4 Nf6 7.N1c3 a6 8.Na3 b6
9.Be2 Bb7 10.O-O Nb8 11.Bf3 Nbd7 12.g3 Be7 13.Bg2 Qc7 14.Bf4 O-O 15.Qd2 Ne5
16.Rac1 Rac8 17.h3 Qb8 18.Qe2 Rfe8 19.Rfd1 Bc6 20.b3 Ng6 21.Nc2 Nxf4 22.gxf4 Bf8
23.Nd4 Bb7 24.f5 exf5 25.Nxf5 g6 26.Ng3 Bh6 27.Rc2 Qc7 28.Qd3 Re6 29.Nce2 Rce8
30.Nd4 Re5 31.Re2 Qe7 32.Nf3 Re6 33.Nd4 Re5 34.Nf3  1/2-1/2

[Event "FRA-ch U20"]
[Site "FRA"]
[Date "1999.??.??"]
[Round "?"]
[White "Fantin, Ludwig"]
[Black "Roser, Kevin"]
[Result "0-1"]
[WhiteElo "2138"]
[BlackElo "2319"]

1.e4 c5 2.Nf3 Nc6 3.d4 cxd4 4.Nxd4 e6 5.Nb5 d6 6.c4 Nf6 7.N1c3 a6 8.Na3 Be7
9.Be2 O-O 10.O-O b6 11.f3 Bb7 12.Be3 Ne5 13.Qd4 Ned7 14.Rfd1 Re8 15.Rac1 d5
16.exd5 exd5 17.Qd2 dxc4 18.Bxc4 b5 19.Bd5 Bxd5 20.Nxd5 Nxd5 21.Qxd5 Bxa3
22.bxa3 Rxe3 23.Qxd7 Qxd7 24.Rxd7 Rxa3 25.Ra7 Rd8 26.Rc2 g6 27.Kf2 b4 28.Kg3 Rd5
29.Rb2 a5 30.Kf4 Kg7 31.h3 h5 32.Re2 g5+ 33.Kg3 h4+ 34.Kf2 Rd1 35.f4 Ra1
36.Ree7 R3xa2+  0-1

[Event "Helsinki op2"]
[Site "Helsinki"]
[Date "1999.??.??"]
[Round "5"]
[White "Rantanen, Yrjo A"]
[Black "Helin, Tapio"]
[Result "0-1"]
[WhiteElo "2356"]
[BlackElo "2130"]

1.e4 c5 2.Nf3 e6 3.d4 cxd4 4.Nxd4 Nc6 5.Nb5 d6 6.c4 a6 7.N5c3 Nf6 8.Be2 Be7
9.Be3 O-O 10.a3 b6 11.b3 Bb7 12.Ra2 Rc8 13.Rd2 Qc7 14.g4 Nd7 15.h4 Rfd8 16.g5 Na5
17.f3 d5 18.exd5 exd5 19.Nxd5 Bxd5 20.cxd5 Bc5 21.d6 Qa7 22.Bxc5 Nxc5 23.b4 Ncb3
24.Rc2 Nc6 25.Rxc6 Rxc6 26.Qxb3 Rc1+ 27.Bd1 b5 28.Kd2 Rxd6+ 29.Kxc1 Qd4  0-1

[Event "HUN-chT29899"]
[Site "HUN"]
[Date "1999.??.??"]
[Round "?"]
[White "Tatar Kis, Szabolcs"]
[Black "Nagy, Miklos"]
[Result "1-0"]
[WhiteElo "2350"]
[BlackElo "2110"]

1.e4 c5 2.Nf3 e6 3.d4 cxd4 4.Nxd4 Nc6 5.Nb5 d6 6.Bf4 e5 7.Be3 Be6 8.Nd2 Nf6
9.Bg5 Rc8 10.Nc4 Bxc4 11.Bxc4 h6 12.Bxf6 Qxf6 13.O-O Be7 14.Nc3 O-O 15.Nd5 Qg5
16.c3 Nd8 17.Qb3 b6 18.g3 Bf6 19.Ba6 Rb8 20.Rad1 Ne6 21.Be2 Rfd8 22.Kh1 Qg6
23.Qc2 Ng5 24.Bd3 Ne6 25.f4 Nc5 26.fxe5 dxe5 27.Rxf6 gxf6 28.Ne7+ Kg7 29.Nxg6 fxg6
30.Be2 Rxd1+ 31.Qxd1  1-0

[Event "HUN-chT29899"]
[Site "HUN"]
[Date "1999.??.??"]
[Round "?"]
[White "Dolgener, Tobias"]
[Black "Somogyi, Istvan"]
[Result "1/2-1/2"]
[WhiteElo "2270"]
[BlackElo "2225"]

1.e4 c5 2.Nf3 e6 3.d4 cxd4 4.Nxd4 Nc6 5.Nb5 d6 6.c4 a6 7.N5c3 Nf6 8.Be2 Be7
9.O-O Qc7 10.Be3 b6 11.Nd2 O-O 12.Rc1 Ne5 13.f4 Ned7 14.Bf3 Bb7 15.Qe2 Rac8
16.g4 Ne8 17.g5 g6 18.h4 Ng7 19.h5 gxh5 20.Bxh5 f5 21.gxf6 Bxf6 22.Bf3 Kh8
23.Kh1 Nc5 24.b4 Nd7 25.Qd3 Rg8 26.Rg1 Qd8 27.Rg2 Qe7 28.Ne2 d5 29.e5 Bxe5
30.cxd5 Rxc1+ 31.Nxc1 Bf6 32.d6 Qf7 33.Bxb7 Nf5 34.Rxg8+ Kxg8 35.Bf3 Qg6
36.Bf2 Bb2 37.Qf1 Qh6+ 38.Kg1 Qxf4 39.Ncb3 Qxd6 40.Qg2+ Bg7 41.Be4 Kf7 42.Qh3 Nf6
43.Bxf5 exf5 44.Qxf5 Qxb4 45.Bd4 Qd6 46.Ne4 Qd7 47.Ng5+ Kg8 48.Ne6 Qe7 49.Bxb6 Nd7
50.Bc5 Qf6 51.Qxf6 Bxf6 52.Bd6 Kf7 53.Nc7 Nb8 54.Kf2 Bd8 55.Ke3 Nd7 56.Nxa6 Ke6
57.Bg3 Kd5 58.Kd3 Bb6 59.Nb4+ Ke6 60.Ke4 Nc5+ 61.Nxc5+ Bxc5 62.Nd3 Ba3 63.Nf4+ Kd7
64.Kd5 Kc7 65.Kc4 Kb7 66.Nd5 h5 67.Kb3 Bc5 68.Kc4 Bb6 69.Nf6 h4 70.Bxh4 Bd8
71.Bg3 Bxf6  1/2-1/2

[Event "Kiev-ch"]
[Site "Kiev"]
[Date "1999.??.??"]
[Round "1"]
[White "Gerasimchuk, Oleg"]
[Black "Kazarian, Georgy"]
[Result "1-0"]
[WhiteElo "2371"]
[BlackElo "2126"]

1.e4 c5 2.Nf3 e6 3.d4 cxd4 4.Nxd4 Nc6 5.Nb5 d6 6.c4 a6 7.Nd4 Nf6 8.Nc3 Be7
9.Be2 Qc7 10.Be3 Bd7 11.O-O Nxd4 12.Qxd4 O-O 13.Rac1 Rac8 14.Rfd1 Rfd8 15.b4 Qb8
16.b5 e5 17.Qd3 axb5 18.cxb5 Be6 19.Bb6 Re8 20.Qb1 Nd7 21.Be3 b6 22.Nd5 Bxd5
23.Rxc8 Rxc8 24.Rxd5 Nf6 25.Rd1 Qb7 26.f3 d5 27.exd5 Nxd5 28.Qe4 Bc5 29.Bxc5 Rxc5
30.Bc4 g6 31.Rxd5 Qe7 32.Rxc5 Qxc5+ 33.Kf1  1-0

[Event "Mendrisio op"]
[Site "Mendrisio"]
[Date "1999.??.??"]
[Round "3"]
[White "Paleologu, Vladimir"]
[Black "Sbarra, Marco"]
[Result "0-1"]
[WhiteElo "2072"]
[BlackElo "2269"]

1.e4 c5 2.Nf3 Nc6 3.d4 cxd4 4.Nxd4 e6 5.Nb5 d6 6.Bf4 e5 7.Be3 Nf6 8.N1c3 a6
9.Na3 b5 10.Nd5 Nxd5 11.Qxd5 Bb7 12.Rd1 Rc8 13.Qd2 Na5 14.f3 Be7 15.g3 O-O
16.Qf2 Nc4 17.Nxc4 bxc4 18.Bb6 Qd7 19.b3 d5 20.Bxc4 Bb4+ 21.Ke2 d4 22.a3 Bc3
23.Rd3 Rxc4 24.bxc4 f5 25.exf5 Qxf5 26.Rhd1 e4 27.Rxd4 e3 28.Kxe3 Re8+  0-1

[Event "Paulisto-ch"]
[Site "Sao Caetano"]
[Date "1999.??.??"]
[Round "1"]
[White "Martins, George"]
[Black "Lucena, Lincoln"]
[Result "0-1"]
[WhiteElo "2311"]
[BlackElo "2249"]

1.e4 c5 2.Nf3 Nc6 3.d4 cxd4 4.Nxd4 e6 5.Nb5 Nf6 6.Bg5 d6 7.c4 a6 8.N5c3 Be7
9.Bd3 Nxe4 10.Bxe7 Nxc3 11.Qg4 Nxe7 12.Nxc3 O-O 13.O-O f5 14.Qe2 Nc6 15.Kh1 Nd4
16.Qd2 e5 17.Ne2 Nc6 18.Bc2 Be6 19.Rac1 Qe7 20.Bb1 Rad8 21.Rfd1 d5 22.cxd5 Bxd5
23.Qe1 h6 24.a3 Kh8 25.b4 Qg5 26.Ng3 h5 27.Rc5 Bb3 28.Rxd8 Rxd8 29.Bc2 Be6
30.Nf1 h4 31.h3 Qf6 32.Qb1 e4 33.b5 Qd4 34.Rxf5 Bxf5 35.bxc6 bxc6 36.Ne3 Bg6
37.Qb7 Qa1+ 38.Kh2 Qf6 39.Ng4 Qf4+ 40.g3 hxg3+ 41.Kg2 gxf2 42.Nxf2 Rd2  0-1

[Event "Sao Paulo2"]
[Site "Sao Paulo"]
[Date "1999.??.??"]
[Round "6"]
[White "Melao, Hindemburg"]
[Black "Blank Goncalves, Eduardo"]
[Result "0-1"]
[WhiteElo "2155"]
[BlackElo "2054"]

1.e4 c5 2.Nf3 e6 3.d4 cxd4 4.Nxd4 Nc6 5.Nb5 d6 6.Bf4 e5 7.Be3 Be6 8.c4 a6
9.N5c3 Nf6 10.Nd5 Bxd5 11.exd5 Ne7 12.Nc3 Nd7 13.Bd3 Qc7 14.O-O f5 15.Rc1 g6
16.f4 Bg7 17.fxe5 Nxe5 18.Ne2 Ng4 19.Bd4 Bxd4+ 20.Nxd4 Qb6 21.Qa4+ Kf7 22.Rf4 Ne5
23.Bc2 g5 24.Bxf5 gxf4 25.Be6+ Kg7 26.c5 dxc5 27.Nf3 c4+ 28.Kf1 N7g6 29.Qa3 Nxf3
30.Qxf3 Qxb2 31.Qd1 b5 32.h4 f3 33.Rc2 Qe5 34.gxf3 Rhf8 35.Rg2 Rxf3+ 36.Kg1 Qe3+
37.Kh2 Qf4+ 38.Kg1 Rf8 39.Qa1+ Rf6  0-1

[Event "SWZ-chT"]
[Site "SWZ"]
[Date "1999.??.??"]
[Round "5"]
[White "Umbach, Andreas"]
[Black "Salvetti, Alec"]
[Result "1-0"]
[WhiteElo "2170"]
[BlackElo "2280"]

1.e4 c5 2.Nf3 e6 3.d4 cxd4 4.Nxd4 Nc6 5.Nb5 d6 6.c4 Nf6 7.N1c3 a6 8.Na3 Be7
9.Be2 O-O 10.O-O Bd7 11.Be3 Na7 12.f3 Qa5 13.Qe1 Bd8 14.Qf2 b5 15.Nc2 b4
16.Nd1 Nc6 17.f4 Nxe4 18.Qf3 f5 19.Nf2 Nxf2 20.Qxf2 Qc7 21.a3 b3 22.Nd4 Nxd4
23.Bxd4 Bf6 24.Rad1 Bc6 25.c5 dxc5 26.Bxf6 Rxf6 27.Qxc5 Rg6 28.g3 Qb7 29.Rd6 Bh1
30.Rf2 Bd5 31.Bxa6 Qb8 32.Rd2 Qf8 33.Qc7 Rf6 34.Rd7 Rf7 35.Rxf7 Qxf7 36.Qxf7+ Kxf7
37.Bb7 Rd8 38.Bxd5 exd5 39.Rd3 d4 40.Kf2 Rc8 41.Ke2 Rc2+ 42.Rd2 Ke6 43.Kd3 Rc1
44.Kxd4 Rc2 45.Ke3 Rc1 46.Kd4 Rc2 47.Ke3 Rc1 48.Rd3 Rc2 49.Rxb3 Rxh2 50.a4 Kd5
51.a5 Rh3 52.Kf3 Rh6 53.Rb5+ Kc4 54.Rxf5 Rh2 55.a6 Rxb2 56.a7 Ra2 57.Rf7 Kd5
58.Rxg7 h6 59.Kg4 Ke6 60.Rg6+ Kf7 61.Rxh6 Kg7 62.Rb6 Rxa7 63.Kg5 Rc7 64.f5 Ra7
65.g4 Kf7 66.Rf6+ Kg7 67.Rg6+ Kh7 68.Rh6+ Kg8 69.f6 Ra4 70.Rg6+ Kf8 71.Rg7 Rb4
72.Kf5 Rb5+ 73.Kg6 Rb4 74.g5 Rb1 75.Rh7  1-0

[Event "Tampere op"]
[Site "Tampere"]
[Date "1999.??.??"]
[Round "8"]
[White "Nokso Koivisto, Antti"]
[Black "Haapasalo, Jukka Pekka"]
[Result "1/2-1/2"]
[WhiteElo "2226"]
[BlackElo "2249"]

1.e4 c5 2.Nf3 e6 3.d4 cxd4 4.Nxd4 Nc6 5.Nb5 d6 6.Bf4 e5 7.Be3 Nf6 8.Bg5 Be6
9.N5c3 a6 10.Bxf6 gxf6 11.Na3 d5 12.Nxd5 Bxa3 13.bxa3 Qa5+ 14.Qd2 Qxd2+ 15.Kxd2 O-O-O
16.c4 f5 17.f3  1/2-1/2

[Event "Vantaa op3"]
[Site "Vantaa"]
[Date "1999.??.??"]
[Round "5"]
[White "Kokkila, Tero"]
[Black "Rantala, Jyrki"]
[Result "0-1"]
[WhiteElo "2293"]
[BlackElo "2149"]

1.e4 c5 2.Nf3 e6 3.d4 cxd4 4.Nxd4 Nc6 5.Nb5 d6 6.c4 Nf6 7.N5c3 Be7 8.Be2 O-O
9.O-O b6 10.f4 Bb7 11.Bf3 a6 12.Be3 Qc7 13.Nd2 Nb8 14.Qe2 Nbd7 15.Rfc1 Rac8
16.Rab1 Qb8 17.g4 Bd8 18.g5 Ne8 19.Bg2 Nc7 20.b4 Re8 21.Nb3 Qa8 22.Nd4 d5
23.cxd5 exd5 24.e5 g6 25.Bh3 Ne6 26.Bxe6 fxe6 27.Qg4 Nf8 28.Nd1 Be7 29.Rxc8 Bxc8
30.a4 Bd7 31.b5 axb5 32.axb5 Bc5 33.Qe2 Qa4 34.Qb2 Ra8 35.Qc3 Ra5 36.Nb2 Qa2
37.Re1 Bxb5 38.Nxb5 Rxb5 39.Bxc5 bxc5 40.Re2 Qb3 41.Qd2 Rb4 42.Qc1 Nd7 43.Rf2 c4
44.Qa1 c3 45.Nd3 Qb1+ 46.Qxb1 Rxb1+ 47.Kg2 Rd1 48.Nb4 Nc5 49.Ra2 Rd2+ 50.Kf3 Rxa2
51.Nxa2 d4 52.Ke2 Kf8 53.Nb4 Ke8 54.Kd1 d3 55.Na2 Ne4  0-1

[Event "JUG-chT (Women)"]
[Site "Vrnjacka Banja"]
[Date "1999.??.??"]
[Round "1"]
[White "Bojkovic, Natasa"]
[Black "Velcheva, Maria"]
[Result "1/2-1/2"]
[WhiteElo "2424"]
[BlackElo "2305"]

1.e4 c5 2.Nf3 e6 3.d4 cxd4 4.Nxd4 Nc6 5.Nb5 d6 6.c4 Nf6 7.N5c3 Be7 8.g3 O-O
9.Bg2 Qc7 10.O-O a6 11.Be3 Rb8 12.a4 b6 13.b3 Bb7 14.Ra2 Nb4 15.Rd2 Bc6 16.Bf4 Rbd8
17.Na3 Nd7 18.Nc2 Nxc2 19.Rxc2 Nc5 20.b4 Nxa4 21.Nd5 Qb7 22.Nxe7+ Qxe7 23.Qd2 e5
24.Bg5 f6 25.Be3 Qb7 26.f3 Rf7 27.Bh3 Re7 28.Ra1 b5 29.Rac1 Nb6 30.cxb5 Bxb5
31.Qf2 Rb8 32.Qd2 d5 33.exd5 Qxd5 34.Qf2 Nc4 35.Bc5 Ree8 36.Bf1 Na3 37.Rd2 Qf7
38.Bh3 Nc4 39.Rdc2 Rbd8 40.Bf5 g6 41.Bh3 Qd5 42.Bg2 f5 43.Rc3 Qe6 44.Qa2 Nb6
45.Qf2 Nd5 46.Ra3 Nf6 47.Re1 Rd5 48.Qb2 Qf7 49.Be3 Rc8 50.Bg5  1/2-1/2

[Event "Israeli League"]
[Site "Ramat Aviv ISR"]
[Date "2000.01.14"]
[Round "1"]
[White "Kagan,S"]
[Black "Bar,R"]
[Result "1/2-1/2"]
[WhiteElo "2390"]
[BlackElo "2328"]

1.e4 c5 2.Nf3 e6 3.d4 cxd4 4.Nxd4 Nc6 5.Nb5 d6 6.c4 Nf6 7.N1c3 a6 8.Na3 Be7
9.Be2 O-O 10.O-O b6 11.Be3 Bb7 12.Qd2 Rc8 13.Rfd1 Qc7 14.Rac1 Ne5 15.f3 Rfe8
16.Bf1 Ned7 17.Qf2 Qb8 18.Na4 Bc6 19.Nxb6 Nxb6 20.Bxb6 Bxe4 21.Ba7 Qa8 22.Bd4 Bf5
23.Nc2 e5 24.Ne3 Be6 25.Bc3 Qb8 26.Qd2 Bd8 27.Kh1 Bb6 28.b3 Qa7 29.Re1 Red8
30.Rcd1 h6 31.Ba5 Qc7 32.Bxb6 Qxb6 33.Bd3 a5 34.Bf5 Rc5 35.Qd3 Qc7 36.Rd2 Nh5  1/2-1/2

[Event "ch-BRA"]
[Site "Brasilia BRA"]
[Date "2000.01.20"]
[Round "2"]
[White "Tsuboi,E"]
[Black "Guimaraes,W"]
[Result "1/2-1/2"]
[WhiteElo "2334"]
[BlackElo "2320"]

1.e4 c5 2.Nf3 e6 3.d4 cxd4 4.Nxd4 Nc6 5.Nb5 d6 6.Bf4 e5 7.Be3 a6 8.N5c3 Nf6
9.Bg5 Be7 10.Nd2 b5 11.Bxf6 Bxf6 12.a4 b4 13.Nd5 Be6 14.Nc4 O-O 15.Be2 Bxd5
16.Qxd5 Nd4 17.Bd3 Rc8 18.O-O Be7 19.a5 Ne6 20.Nb6 Nf4 21.Qb3 Rc6 22.Bxa6 d5
23.exd5 Rg6 24.g3 Bc5 25.Kh1 Qg5 26.Qf3 Nh3 27.Nd7 e4 28.Qxe4 Nxf2+ 29.Rxf2 Bxf2
30.Nxf8 Rh6 31.Qg2 Bxg3 32.h3 Rxa6 33.Rg1 Kxf8  1/2-1/2

[Event "Goodricke Open"]
[Site "Calcutta IND"]
[Date "2000.02.11"]
[Round "6"]
[White "Mithrakanth,P"]
[Black "Thipsay,P"]
[Result "0-1"]
[WhiteElo "2338"]
[BlackElo "2475"]

1.e4 c5 2.Nf3 e6 3.d4 cxd4 4.Nxd4 Nc6 5.Nb5 d6 6.c4 Nf6 7.N1c3 a6 8.Na3 Be7
9.Be2 O-O 10.O-O b6 11.Be3 Bb7 12.Rc1 Re8 13.Qb3 Nd7 14.Rfd1 Nc5 15.Qc2 Qc7
16.Qb1 Nb4 17.Nc2 Nxc2 18.Qxc2 Rac8 19.Bf1 Bf6 20.f3 Qb8 21.Qf2 Bc6 22.Bf4 Red8
23.Rd2 b5 24.b4 e5 25.Be3 Ne6 26.cxb5 axb5 27.Nd5 Bxd5 28.Rxc8 Rxc8 29.Rxd5 Nd4
30.Bd3 Rc3 31.Qd2 Qc7 32.Bxd4 exd4 33.Rxb5 g6 34.a4 Kg7 35.g3 Rc1+ 36.Kg2 Ra1
37.a5 Qc3 38.Qxc3 dxc3 39.Rb8 Rd1 40.a6 Rxd3 41.a7 c2 42.a8=Q c1=Q  0-1

[Event "FSIMA February"]
[Site "Budapest HUN"]
[Date "2000.02.13"]
[Round "9"]
[White "Balogh,C"]
[Black "Yu Mingyuan"]
[Result "1/2-1/2"]
[WhiteElo "2356"]
[BlackElo "2419"]

1.e4 c5 2.Nf3 e6 3.d4 cxd4 4.Nxd4 Nc6 5.Nb5 d6 6.Bf4 e5 7.Be3 Nf6 8.Bg5 a6
9.Bxf6 gxf6 10.N5c3 Bg7 11.Nd2 O-O 12.Nc4 Nd4 13.Nd5 f5 14.Ncb6 Qh4 15.Nxa8 Qxe4+
16.Ne3 f4 17.Bd3 Qc6 18.c3 fxe3 19.cxd4 Qxg2 20.Rf1 Bg4 21.f3 Bh3 22.Nb6 Qxb2
23.Rb1 Qxh2 24.Qe2 Qg3+ 25.Kd1 Bxf1 26.Qxf1 exd4 27.Rb2 Qf4 28.Rg2 Kh8 29.Qg1 Qxf3+
30.Ke1 Be5 31.Bxh7 Bg3+ 32.Rxg3 Qf2+ 33.Qxf2 exf2+ 34.Kxf2 Kxh7 35.Nd7 Rc8
36.Nf6+ Kh6 37.Rg4  1/2-1/2

[Event "ch-Serbia"]
[Site "Kragujevac YUG"]
[Date "2000.02.21"]
[Round "3"]
[White "Somborski,N"]
[Black "Paunovic,D"]
[Result "0-1"]
[WhiteElo "2330"]
[BlackElo "2465"]

1.e4 c5 2.Nf3 e6 3.d4 cxd4 4.Nxd4 Nc6 5.Nb5 d6 6.c4 Nf6 7.N1c3 a6 8.Na3 Be7
9.Be2 b6 10.O-O Bb7 11.Be3 Ne5 12.f3 O-O 13.Rc1 Re8 14.Kh1 Ned7 15.Nc2 Rc8
16.Qd2 Qc7 17.Rfd1 Qb8 18.Bf1 Kh8 19.Nd4 Bd8 20.b4 Bc7 21.g4 Ne5 22.g5 Nfd7
23.f4 Ng6 24.Kg1 d5 25.Nde2 d4 26.Nxd4 Nxf4 27.Qf2 Ng6 28.Ndb5 Nde5 29.Nxc7 Qxc7
30.Bxb6 Qe7 31.Be3 Nxc4 32.Bc5 Qxg5+ 33.Qg3 Nce5 34.Qxg5 Nf3+ 35.Kf2 Nxg5
36.Ke3 f5 37.Rd7 f4+ 38.Kf2 Bc6 39.Ra7 Rcd8 40.Rxa6 Nxe4+ 41.Nxe4 Bxe4 42.Bb5 Ne5
43.Bxe8 Rd2+  0-1

[Event "ch-Serbia"]
[Site "Kragujevac YUG"]
[Date "2000.02.24"]
[Round "6"]
[White "Bojkovic,N"]
[Black "Andrijevic,M"]
[Result "1/2-1/2"]
[WhiteElo "2423"]
[BlackElo "2360"]

1.e4 c5 2.Nf3 Nc6 3.d4 cxd4 4.Nxd4 e6 5.Nb5 d6 6.c4 Nf6 7.N5c3 Be7 8.Be2 O-O
9.O-O b6 10.Bf4 Bb7 11.Re1 Rc8 12.Nd2 Nd7 13.Nf1 Nde5 14.Rc1 Ng6 15.Be3 Nce5
16.b3 Qc7 17.Qd2 Qb8 18.Ng3 Rfd8 19.Red1 Bc6 20.Bg5 Qb7 21.Bxe7 Nxe7 22.Qe3 N5g6
23.Nh5 a6 24.a4 Qb8 25.Qd4 e5 26.Qd2 Qb7 27.Ng3 Nf4 28.Bg4 Ne6 29.Nf5 Nxf5
30.Bxf5 Rb8 31.Bxe6  1/2-1/2